Falsafa: Jahrbuch für islamische Religionsphilosophie : yearbook for Islamic philosophy of religion
| Corporate Author: | |
|---|---|
| Format: | Print Journal |
| Language: | German English |
| Subito Delivery Service: | Order now. |
| Check availability: | HBZ Gateway |
| WorldCat: | WorldCat |
| Interlibrary Loan: | Für eine Fernleihe wählen Sie bitte zuerst einen Band oder Aufsatz aus. |
| Published: |
Baden-Baden
Verlag Karl Alber
[2018]-
Freiburg München Verlag Karl Alber 2018-[?] |
| In: | Year: 2018 |
| Volumes / Articles: | Show volumes/articles. |
| Standardized Subjects / Keyword chains: | B
Religious philosophy
/ Islamic philosophy
B Islam / Religious philosophy |
| Further subjects: | B
Journal
|
| Parallel Edition: | Electronic
|
MARC
| LEADER | 00000cas a2200000 c 4500 | ||
|---|---|---|---|
| 001 | 857023535 | ||
| 003 | DE-627 | ||
| 005 | 20260126211309.0 | ||
| 007 | tu | ||
| 008 | 160418c20189999gw a| p| 0 |0ger c | ||
| 015 | |a 18,A36 |2 dnb | ||
| 016 | 7 | |a 1097239306 |2 DE-101 | |
| 016 | 7 | |a 2852994-7 |2 DE-600 | |
| 022 | |a 2367-1831 | ||
| 035 | |a (DE-627)857023535 | ||
| 035 | |a (DE-603)378350080 | ||
| 035 | |a (DE-576)468152865 | ||
| 035 | |a (DE-599)ZDB2852994-7 | ||
| 035 | |a (OCoLC)1186511001 | ||
| 040 | |a DE-627 |b ger |c DE-627 |e rda | ||
| 041 | |a ger |a eng | ||
| 044 | |c XA-DE | ||
| 082 | 0 | |a 181.0705 |q DE-101 |2 23/ger | |
| 082 | 0 | 4 | |a 100 |a 200 |a 290 |q DE-101 |
| 082 | 0 | 4 | |a 290 |q DE-600 |
| 084 | |a BA 1000 |2 rvk |0 (DE-625)rvk/9116: | ||
| 084 | |a 08.37 |2 bkl | ||
| 222 | 0 | |a Falsafa | |
| 245 | 0 | 0 | |a Falsafa |b Jahrbuch für islamische Religionsphilosophie : yearbook for Islamic philosophy of religion |c Zentrum für Islamische Theologie |
| 264 | 3 | 1 | |a Baden-Baden |b Verlag Karl Alber |c [2018]- |
| 264 | 1 | |a Freiburg |a München |b Verlag Karl Alber |c 2018-[?] | |
| 300 | |a Bände |c 22 cm | ||
| 336 | |a Text |b txt |2 rdacontent | ||
| 337 | |a ohne Hilfsmittel zu benutzen |b n |2 rdamedia | ||
| 338 | |a Band |b nc |2 rdacarrier | ||
| 362 | 0 | |a 1 (2018)- | |
| 363 | 0 | 1 | |a 1 |i 2018 |
| 583 | 1 | |a Archivierung/Langzeitarchivierung gewährleistet |f PEBW |2 pdager |5 DE-31 | |
| 591 | |a Abl. | ||
| 601 | |a Jahrbuch | ||
| 601 | |a Religion | ||
| 655 | 7 | |a Zeitschrift |0 (DE-588)4067488-5 |0 (DE-627)10454466X |0 (DE-576)20917000X |2 gnd-content | |
| 689 | 0 | 0 | |d s |0 (DE-588)4049415-9 |0 (DE-627)104598581 |0 (DE-576)209081953 |2 gnd |a Religionsphilosophie |
| 689 | 0 | 1 | |d s |0 (DE-588)4137531-2 |0 (DE-627)10459800X |0 (DE-576)209678402 |2 gnd |a Islamische Philosophie |
| 689 | 0 | |5 DE-101 | |
| 689 | 1 | 0 | |d s |0 (DE-588)4027743-4 |0 (DE-627)106283499 |0 (DE-576)20897220X |2 gnd |a Islam |
| 689 | 1 | 1 | |d s |0 (DE-588)4049415-9 |0 (DE-627)104598581 |0 (DE-576)209081953 |2 gnd |a Religionsphilosophie |
| 689 | 1 | |5 DE-101 | |
| 710 | 2 | |e Herausgebendes Organ |0 (DE-588)1129480828 |0 (DE-627)884085716 |0 (DE-576)486429490 |4 isb |a Westfälische Wilhelms-Universität Münster |b Zentrum für Islamische Theologie | |
| 776 | 1 | |x 2944-5159 | |
| 776 | 0 | 8 | |i Erscheint auch als |n Online-Ausgabe |t Falsafa |d Baden-Baden : Verlag Karl Alber, 2021 |h Online-Ressource |w (DE-627)186088332X |w (DE-600)3167376-4 |x 2944-5159 |k Electronic |
| 936 | r | v | |a BA 1000 |b Zeitschriften und Jahrbücher |k Theologie und Religionswissenschaften |k Zeitschriften und Jahrbücher |0 (DE-627)1450068723 |0 (DE-625)rvk/9116: |0 (DE-576)380068729 |
| 936 | b | k | |a 08.37 |j Religionsphilosophie |0 (DE-627)106405578 |
| 951 | |a JT | ||
| ACO | |a 1 | ||
| ELC | |b 1 | ||
| ITA | |a 1 | ||
| LOK | |0 000 xxxxxcy a22 3n 4500 | ||
| LOK | |0 001 4080814399 | ||
| LOK | |0 003 DE-627 | ||
| LOK | |0 004 857023535 | ||
| LOK | |0 005 20220315103929 | ||
| LOK | |0 008 220307||||||||||||||||ger||||||| | ||
| LOK | |0 035 |a (DE-600)765502054 | ||
| LOK | |0 040 |a DE-21-205 |c DE-627 |d DE-21-205 | ||
| LOK | |0 092 |o n | ||
| LOK | |0 852 |8 1 | ||
| LOK | |0 852 |a DE-21-205 | ||
| LOK | |0 852 1 |c Z 2 |9 00 | ||
| LOK | |0 85901 |8 1.1 |a 1 |i 2018 | ||
| LOK | |0 86630 |a 1.2018 - | ||
| LOK | |0 939 |a 07-03-22 |b z01 | ||
| ORI | |a SA-MARC-ixtheob001.raw | ||
| REL | |a 1 | ||
| SPR | |a 1 |t IXT |t REL | ||
| STA | 0 | 0 | |a Islam,Islam,Islamic philosophy,Philosophy,Islam,Religious philosophy,Philosophy of religion,Religion |
| STB | 0 | 0 | |a Islam,Islam,Philosophie des religions,Philosophie islamique |
| STC | 0 | 0 | |a Filosofía de religión,Filosofía islámica,Islam,Islam |
| STD | 0 | 0 | |a Filosofia della religione,Filosofia islamica,Islam,Islam |
| STE | 0 | 0 | |a 伊斯兰哲学,伊斯兰教,伊斯兰教,回教,回教,宗教哲学 |
| STF | 0 | 0 | |a 伊斯蘭哲學,伊斯蘭教,伊斯蘭教,回教,回教,宗教哲學 |
| STG | 0 | 0 | |a Filosofia da religião,Filosofia islâmica,Islã,Islã |
| STH | 0 | 0 | |a Ислам (мотив),Ислам,Исламская философия,Философия религии |
| STI | 0 | 0 | |a Ισλάμ (μοτίβο),Ισλάμ,Ισλαμική φιλοσοφία,Φιλοσοφία της θρησκείας |
| SUB | |a REL | ||
| SYG | 0 | 0 | |a Arabische Philosophie,Islam , Islam |



